Spojár časopis ZS ROH pri Telegrafnej a telefónnej ústredni v Bratislave

Bibliographic Details
Other Authors: Tencer, Jozef (Publishing director), Jasík, Jozef (Publishing director)
Format: Journal
Language:Slovak
PhysicalDescription:4 zv. ilustr. 30 cm
Published: Bratislava ZS ROH pri Obvodnej telefónnej ústredni v Bratislave 1952-1955
Bratislava ZO KSS, ROH ČSM Obvodná telefónna ústredňa
Subjects:

MARC

LEADER 00000cas a2200000 a 4500
001 vtls010302247
003 SK-MaSNL
005 20260228163410.0
008 150629d19521955xo mr|p 0 b0slo
040 |a SNK  |b slo  |c SNK  |e AACR2 
041 0 |a slo 
044 |a xo  |c SK 
072 7 |a 621.39  |x Oznamovacia technika  |2 konspekt 
080 |a 654.1  |2 2001 
080 |a 050  |2 2001 
080 |a 621.39  |2 2001 
245 0 0 |a Spojár  |b časopis ZS ROH pri Telegrafnej a telefónnej ústredni v Bratislave 
260 |a Bratislava  |b ZS ROH pri Obvodnej telefónnej ústredni v Bratislave  |c 1952-1955 
260 3 |3 1954-1955  |a Bratislava  |b ZO KSS, ROH ČSM  |b Obvodná telefónna ústredňa 
300 |a 4 zv.  |b ilustr.  |c 30 cm 
310 |a 1x mesačne 
362 0 |a Roč. I, č. 1 (1. mája 1952)-roč. IV, č. 5-6 (1. júna 1955) 
500 |a Zmena podnázvu: od č. 6-7/1952: časopis ZS ROH pri Obvodnej telefonnej ústredni v Bratislave 
500 |a Ved. red.: 1/1952-5/1953, Jozef Tencer; od č. 6/1953, Jozef Jasík 
515 |a Niektoré čísla vychádzajú ako dvojčísla 
650 0 7 |a telekomunikácia  |2 SNKPH  |9 105923 
650 0 7 |a telekomunikačné spoje  |2 SNKPH  |9 273888 
655 7 |a podnikové periodiká  |2 SNKPH  |9 132333 
700 1 |a Tencer, Jozef  |4 pbd  |9 273889 
700 1 |a Jasík, Jozef  |4 pbd  |9 273890 
910 |a snk 
916 |a 1952-1955 
999 |c 9366  |d 11296 
952 |0 0  |1 0  |4 0  |7 0  |a SNK  |b SNK  |d 2015-06-26  |f 1  |i snkČSP 535/56  |l 0  |o snkČSB 927/4/1955  |p 17A0706448  |r 2026-02-21 19:34:50  |t č. 1-6  |w 2026-02-21  |y PREZ 
952 |0 0  |1 0  |4 0  |7 0  |a SNK  |b SNK  |d 2008-03-25  |f 1  |i snkII. 1283/55  |l 0  |o snkČSB 927/3/1954  |p 17A0568207  |r 2026-02-21 20:21:50  |t č. 1-12  |w 2026-02-21  |y PREZ 
952 |0 0  |1 0  |3 rekatalogizácia  |4 0  |7 0  |8 5  |a SNK  |b SNK  |d 2008-03-25  |f 1  |i snkXI. 2347/55  |l 0  |o snkČSB 927/1/1952  |p 17A0572565  |r 2026-02-21 20:49:14  |t č. 1-7  |w 2026-02-21  |y PREZ 
952 |0 0  |1 0  |4 0  |7 0  |a SNK  |b SNK  |d 2008-03-25  |f 1  |i snkII. 1328/54  |l 0  |o snkČSB 927/2/1953  |p 17A0579291  |r 2026-02-21 20:49:14  |t č. 1-12, neúplné  |w 2026-02-21  |y PREZ  |z Chýba č. 11